Statistics for Random Big Four Team To City

Click here to take the quiz!

General Stats

  • This quiz has been taken 18 times
  • The average score is 14 of 16

Answer Stats

TeamCity% Correct
DiamondbacksArizona
100%
BravesAtlanta
100%
CelticsBoston
100%
Red SoxBoston
100%
NetsBrooklyn
100%
SabresBuffalo
100%
BillsBuffalo
100%
FlamesCalgary
100%
BullsChicago
100%
BlackhawksChicago
100%
White SoxChicago
100%
RedsCincinnati
100%
CavaliersCleveland
100%
GuardiansCleveland
100%
CowboysDallas
100%
StarsDallas
100%
MavericksDallas
100%
BroncosDenver
100%
NuggetsDenver
100%
LionsDetroit
100%
TigersDetroit
100%
PistonsDetroit
100%
OilersEdmonton
100%
PanthersFlorida
100%
PackersGreen Bay
100%
RocketsHouston
100%
JaguarsJacksonville
100%
ChiefsKansas City
100%
ClippersLos Angeles
100%
RamsLos Angeles
100%
LakersLos Angeles
100%
DodgersLos Angeles
100%
DolphinsMiami
100%
MarlinsMiami
100%
BucksMilwaukee
100%
PatriotsNew England
100%
DevilsNew Jersey
100%
PelicansNew Orleans
100%
ThunderOklahoma City
100%
FlyersPhiladelphia
100%
76ersPhiladelphia
100%
SunsPhoenix
100%
TrailblazersPortland
100%
SpursSan Antonio
100%
49ersSan Francisco
100%
SharksSan Jose
100%
SeahawksSeattle
100%
MarinersSeattle
100%
BluesSt. Louis
100%
BuccaneersTampa Bay
100%
Maple LeafsToronto
100%
RaptorsToronto
100%
JazzUtah
100%
CommandersWashington
100%
WizardsWashington
100%
NationalsWashington
100%
TwinsMinnesota
67%
Golden KnightsVegas
67%
CanadiensMontreal
50%
DucksAnaheim
0%
CoyotesArizona
0%
CardinalsArizona
0%
HawksAtlanta
0%
FalconsAtlanta
0%
RavensBaltimore
0%
OriolesBaltimore
0%
BruinsBoston
0%
HurricanesCarolina
0%
HornetsCharlotte
0%
CubsChicago
0%
BearsChicago
0%
BengalsCincinnati
0%
BrownsCleveland
0%
AvalancheColorado
0%
RockiesColorado
0%
Blue JacketsColumbus
0%
Red WingsDetroit
0%
WarriorsGolden State
0%
TexansHouston
0%
AstrosHouston
0%
PacersIndiana
0%
ColtsIndianapolis
0%
RoyalsKansas City
0%
RaidersLas Vegas
0%
KingsLos Angeles
0%
AngelsLos Angeles
0%
ChargersLos Angeles
0%
KingsLos Angeles
0%
GrizzliesMemphis
0%
HeatMiami
0%
BrewersMilwaukee
0%
TimberwolvesMinnesota
0%
VikingsMinnesota
0%
WildMinnesota
0%
PredatorsNashville
0%
SaintsNew Orleans
0%
MetsNew York
0%
YankeesNew York
0%
IslandersNew York
0%
RangersNew York
0%
KnicksNew York
0%
AthleticsOakland
0%
MagicOrlando
0%
SenatorsOttawa
0%
EaglesPhiladelphia
0%
PhilliesPhiladelphia
0%
PenguinsPittsburgh
0%
SteelersPittsburgh
0%
PiratesPittsburgh
0%
PadresSan Diego
0%
GiantsSan Francisco
0%
KrackenSeattle
0%
RaysTampa Bay
0%
LightningTampa Bay
0%
TitansTennessee
0%
Blue JaysToronto
0%
CanucksVancouver
0%
CapitalsWashington
0%
JetsWinnipeg
0%

Score Distribution

Percentile by Number Answered

Percent of People with Each Score

Your Score History

You have not taken this quiz